Statistics for Toronto Raptors 2017-18 Roster

Click here to take the quiz!

General Stats

  • This quiz has been taken 286 times
    (277 since last reset)
  • The average score is 10 of 17

Answer Stats

NbrPostPlayer% Correct
7GuardKyle Lowry
99%
10GuardDeMar DeRozan
97%
17CenterJonas Valanciunas
87%
43ForwardPascal Siakam
82%
9ForwardSerge Ibaka
81%
23GuardFred VanVleet
78%
-Head CoachDwane Casey
71%
24Forward-GuardNorman Powell
67%
3ForwardOG Anunoby
67%
55GuardDelon Wright
56%
0Forward-GuardCJ Miles
54%
42CenterJakob Poeltl
52%
92CenterLucas Nogueira
42%
4GuardLorenzo Brown
29%
13ForwardMalcolm Miller
24%
5ForwardBruno Caboclo
20%
34ForwardAlfonzo McKinnie
15%

Score Distribution

Percentile by Number Answered

Percent of People with Each Score

Your Score History

You have not taken this quiz since the last reset